| LEADER | 00926cam a2200265 a 4500 | ||
|---|---|---|---|
| 001 | u133048 | ||
| 003 | SIRSI | ||
| 008 | 920116s1973 my bt 00 eng m | ||
| 035 | |a AAP-1074 | ||
| 040 | |a UMM | ||
| 050 | 1 | 4 | |a QK495.G74 |
| 090 | |a QK495 |b G74Goh | ||
| 091 | |a Microfiche 709 | ||
| 100 | 1 | 0 | |a Goh, Pek Ean. |
| 245 | 1 | 2 | |a A study of the physiology and inheritance of drought tolerance in maize, Zea mays L. / |c Goh Pek-ean. |
| 260 | |c 1973. | ||
| 300 | |a vii, 104 leaves : |b ill. ; |c 29 cm. | ||
| 500 | |a Mimeographed. | ||
| 502 | |a Dissertation (M.Agr.Sc.) -- Fakulti Pertanian, Universiti Malaya, 1973. | ||
| 504 | |a Bibliography: leaves 86-92. | ||
| 650 | 0 | |a Corn | |
| 948 | |a 16/01/1992 |b 10/09/2003 | ||
| 596 | |a 1 | ||
| 999 | |a QK495 G74GOH |w LC |c 1 |i A500000742 |l B_KOM4 |m P01UTAMA |r Y |s Y |t TESIS |u 16/1/1992 |o .PUBLIC. BKOM 4 :42966 | ||
| 999 | |a QK495 G74GOH |w LC |c 2 |i A003140363 |d 27/9/1997 |l STACKS |m P01UTAMA |n 1 |r Y |s Y |t TESIS |u 10/3/1992 | ||
